000 00495nam a2200169 a 4500
005 20240806064032.0
008 030908s1959 mx r 000 0 spa d
035 _aUPN01000128658
049 _aCG
050 4 _aPS3545 I44
_bS8
100 1 _aWilliams, Tennessee,
_d1911-1983
_930669
245 1 0 _aSweet bird of youth /
_cTennessee Williams.
260 _aChigaco, (E.U.A.) :
_bTwo Rivers Enterprises,
_c1959.
300 _a124 p.
650 4 _aLiteratura estadounidense
_95229
905 _aLibro
999 _c100835
_d100835